[Event "FIDE-Wch k.o."]
[Site "Moscow"]
[Date "2002.01.16"]
[Round "7.1"]
[White "Ponomariov, Ruslan"]
[Black "Ivanchuk, Vassily"]
[Result "1-0"]
[WhiteElo "2727"]
[BlackElo "2717"]
[Annotator "Knaak,R"]
[PlyCount "45"]
[EventDate "2001.11.27"]
[EventType "k.o."]
[EventRounds "7"]
[EventCountry "RUS"]
[SourceTitle "CBM 086"]
[Source "ChessBase"]
[SourceDate "2002.02.05"]
[SourceVersion "1"]
[SourceVersionDate "2002.02.05"]
[SourceQuality "1"]

1. e4 e6 2. d4 d5 3. Nc3 Nf6 4. Bg5 dxe4 5. Nxe4 Be7 6. Bxf6 Bxf6 {Diese
Stellung konnte man in vielen hochklassigen Partien antreffen (Shirov, Bareev
mit Schwarz, Shirov, Leko mit Weiß) - nur Morozevich spielt 6...gxf6.} 7. Nf3
O-O 8. Qd2 Be7 (8... b6 $6 9. Nxf6+ Qxf6 10. Bd3 Bb7 11. Ng5 $40) (8... Nd7 {
gilt als die solide Hauptvariante.}) 9. O-O-O {Weiß hält sich die Option Lc4
oder Ld3 noch offen.} Qd5 $5 {vermutlich vorbereitet} 10. Nc3 Qa5 11. a3 $5 {
Neu, Weiß verhindert einfach Lb4 - sicher eine Brettentscheidung.} (11. Ne5 Bb4
$11 12. Nc4 Bxc3 13. Nxa5 Bxd2+ 14. Rxd2 {ergibt ein völlig ausgeglichenes
Endspiel.}) 11... Nd7 12. Kb1 Qb6 (12... c6 $5) 13. Qe3 Nf6 14. Ne5 {Pläne
Weiss: Lc4 - das erschwert f6, so wird der Se5 schwer vertreibbar; Bauernzüge
f4 oder g4 Schwarz: eine Idee ist c7-c5; außerdem Sf6-d5, dann hängt es davon
ab, wie Weiß reagiert, das Grundproblem ist aber der Lc8.} Rd8 $6 {Hier hat
Ivanchuk wohl recht lange überlegt.} (14... Nd5 {scheint mir richtig zu sein.}
15. Qf3 (15. Nxd5 exd5 {Weiß steht vielleicht ein klein wenig besser, aber ich
weiß nicht, welcher Plan das bestätigen könnte.}) 15... Nxc3+ 16. Qxc3 c5 {
Das ist wohl die kritische Stellung, wiederum ist zu prüfen, wie es weiter
geht.}) 15. Bc4 $1 {Weiß steht völlig gesund da, Schwarz hat immer noch das
Problem mit dem Lc8.} Bd7 $2 (15... Nd5 {War wiederum angesagt, wenngleich
hier schon nicht mehr ganz so gut.} 16. Qg3 f6 17. Ng4 $13) 16. Bb3 Be8 17.
Rhe1 Bf8 {Schwarz spielt völlig passiv, nicht einmal a7-a5 kommt aufs Brett.
Aber was kann schon passieren, wenn die Stellung keinerlei Schwächen aufweist?}
(17... c5 18. d5 exd5 19. Nxd5 Nxd5 20. Rxd5 $16) (17... Nd7) 18. g4 $1 Nd5 {
Erst jetzt, nach drei wirkungslosen Läuferzügen, kommt dieser Springerzug - zu
spät.} (18... c5 19. d5 exd5 20. Nxd5 Nxd5 21. Bxd5 {sieht auch schlimm für
Schwarz aus.}) 19. Qf3 $1 c6 $6 {Der letzte Fehler.} (19... Nxc3+ 20. Qxc3 $16
{ist aber ebenfalls klar besser für Weiß.}) 20. Ne4 $1 Qc7 (20... Rab8 21. g5 (
21. c4 f6 $5) 21... Ne7 22. g6 $5 Nxg6 23. Nxg6 hxg6 24. Ng5 Be7 25. Nxe6 $1
$18) 21. c4 $1 Ne7 (21... Nb6 22. g5 $1 Nd7 23. Nf6+ $1 gxf6 (23... Nxf6 24.
gxf6 g6 25. h4 {und Schwarz wird nicht lange überleben.}) 24. gxf6 Nxe5 25.
Qg3+ Kh8 26. Rg1 Ng6 27. Qxc7 $18) 22. Ng5 Nc8 (22... Ng6 23. Nxg6 hxg6 24. Qh3
{jetzt sieht man warum der König besser auf b1 steht}) 23. c5 {In weniger als
zwei Stunden war alles vorbei.} 1-0

[Event "Biel Credis"]
[Site "Biel"]
[Date "1996.??.??"]
[Round "1"]
[White "Gallagher, Joseph G"]
[Black "Zueger, Beat"]
[Result "1/2-1/2"]
[WhiteElo "2530"]
[BlackElo "2460"]
[Annotator "Knaak,R"]
[PlyCount "57"]
[EventDate "1996.07.22"]
[EventType "tourn"]
[EventRounds "11"]
[EventCountry "SUI"]
[EventCategory "10"]
[SourceTitle "CBM 055"]
[Source "ChessBase"]
[SourceDate "1996.12.01"]
[SourceVersion "1"]
[SourceVersionDate "1996.12.01"]
[SourceQuality "1"]

1. e4 e6 2. d4 d5 3. Nc3 Nf6 4. Bg5 dxe4 5. Nxe4 Be7 6. Bxf6 gxf6 7. Nf3 b6 8.
Bd3 Bb7 9. Qe2 c6 10. O-O-O Qc7 11. Kb1 Nd7 12. Rhe1 O-O-O 13. Ba6 Bxa6 14.
Qxa6+ Kb8 15. Qe2 Rhe8 {So spielt Ulf Andersson. Die prinzipiell andere
Möglichkeit besteht darin, einen R nach g8 zu spielen.} (15... Rhe8 $140) 16.
c4 Nf8 17. g3 Ng6 18. Nc3 Bb4 19. Qc2 Re7 20. a3 Bxc3 21. Qxc3 Red7 22. Rd2 h5
23. Red1 f5 24. Ne1 f4 25. Nc2 c5 26. b4 cxd4 27. Nxd4 e5 28. Nb5 Qc6 29. Rxd7
1/2-1/2

[Event "URS-ch58"]
[Site "Moscow"]
[Date "1991.??.??"]
[Round "10"]
[White "Minasian, Artashes"]
[Black "Dreev, Alexey"]
[Result "1-0"]
[WhiteElo "2510"]
[BlackElo "2610"]
[Annotator "Knaak,R"]
[PlyCount "73"]
[EventDate "1991.11.??"]
[EventType "swiss"]
[EventRounds "11"]
[EventCountry "URS"]
[SourceTitle "URS-ch"]
[Source "ChessBase"]
[SourceDate "1999.07.01"]
[SourceVersion "1"]
[SourceVersionDate "1999.07.01"]
[SourceQuality "1"]

1. e4 e6 2. d4 d5 3. Nc3 Nf6 4. Bg5 dxe4 5. Nxe4 Be7 6. Bxf6 gxf6 7. Nf3 b6 8.
c4 {N; ! /\ Ne4-c3, d4-d5 (Minasian)} Bb4+ (8... Bb7 9. Nc3 Nd7 10. g3 $1 c6 (
10... f5 $5 11. Bg2 Bf6 12. O-O $13) 11. Bg2 Qc7 12. O-O O-O-O 13. Qa4 Kb8 14.
b4 {|_|^<< (Minasian)}) 9. Nc3 $14 c5 10. Bd3 $1 Bb7 11. O-O cxd4 12. Be4 Bxe4
(12... Nc6 13. Ne2 O-O 14. Nexd4 $14 {Minasian}) 13. Nxe4 O-O (13... Nc6 14.
Qa4 Rc8 15. Rad1 e5 16. Nh4 $44 {Minasian}) 14. Nxd4 f5 15. Ng3 Na6 16. a3 Bc5
17. Nb5 Qxd1 18. Raxd1 $16 Rfc8 19. Rd7 Bf8 20. Rc1 Bh6 21. Rc2 Rd8 22. Rxd8+
Rxd8 23. b4 Rd1+ 24. Nf1 Rd7 25. g3 Kf8 26. f4 Ke7 27. Rd2 Rb7 28. Ne3 Bg7 29.
Kf2 Nc7 30. Nd6 Rb8 31. Nxf7 a5 32. b5 Nxb5 33. cxb5 Kxf7 34. Rd7+ Kf6 35. Nc4
Bf8 36. Ne5 Bc5+ 37. Kf3 1-0

[Event "WchT 2nd"]
[Site "Luzern"]
[Date "1989.??.??"]
[Round "7.1"]
[White "Sax, Gyula"]
[Black "Kortschnoj, Viktor Lvovich"]
[Result "0-1"]
[WhiteElo "2580"]
[BlackElo "2655"]
[Annotator "Knaak,R"]
[PlyCount "80"]
[EventDate "1989.10.27"]
[EventType "team-tourn"]
[EventRounds "9"]
[EventCountry "SUI"]
[SourceTitle "CBM 016"]
[Source "ChessBase"]
[SourceDate "1990.06.01"]
[SourceVersion "1"]
[SourceVersionDate "1990.06.01"]
[SourceQuality "1"]
[WhiteTeam "Hungary"]
[BlackTeam "Switzerland"]
[WhiteTeamCountry "HUN"]
[BlackTeamCountry "SUI"]

1. e4 e6 2. d4 d5 3. Nc3 Nf6 4. Bg5 dxe4 5. Nxe4 Nbd7 6. Nf3 Be7 7. Nxf6+ Bxf6
8. h4 {Gibt laut Theorie +/=. Zudem entspricht der Zug dem Stil von Sax.
Kortschnoj weigert sich im Folgenden konsequent h6 zu ziehen, was vielleicht
eine Verbes- serung des schwarzen Spielplans darstellt.} c5 9. dxc5 {Eine
fragwürdige Neuerung gegenüber 9.Dd2 h6 10.Lxf6 Dxf6 11.0-0-0+/= oder +/- in
Gligoric-Balashov, Skopje 1970 (i9/170). Hatte Kortschnoj hier etwas in petto?}
Qa5+ 10. c3 Qxc5 11. Be3 Qc7 12. Ng5 {Mit den letzten beiden Zügen versuchte
Weiß nachzuweisen, daß h4 doch seine Berechtigung hat. Der Zeitverlust dieser
Umgruppierung ist jedoch zu groß.} b6 $15 13. Bb5 a6 14. Be2 Bb7 15. Qc2 Nc5 $1
(15... Bxg2 16. Rg1 Qh2 17. O-O-O Bc6 (17... h6 18. Rxg2 Qxg2 19. Bf3) 18. Nxh7
) 16. Bxc5 (16. O-O-O h6 17. Bxc5 bxc5 18. Nf3 Bc6 $17) 16... Qxc5 17. Ne4 Qe5
18. Nxf6+ gxf6 $1 $17 (18... Qxf6 19. f3) 19. O-O-O $8 Bxg2 20. Rhg1 Bc6 21.
Qd2 Ke7 22. f4 Qd5 $1 23. Qe3 Qc5 $1 24. Rd4 a5 25. Bc4 Rad8 26. Rg7 Bd5 27.
Bd3 Bxa2 $19 28. Rxh7 Rxh7 29. Bxh7 Rxd4 30. Qxd4 Qxd4 31. cxd4 f5 {Der Läufer
ist gefangen und Schwarz gewinnt mühelos.} 32. h5 b5 33. h6 Kf8 34. Kd2 b4 35.
Kc2 a4 36. Kd2 Bb1 37. Kc1 Bd3 38. Kd2 Be4 39. Kc1 a3 40. bxa3 bxa3 0-1

[Event "Odorheiu Secuiesc zt"]
[Site "Odorheiu Secuiesc"]
[Date "1995.??.??"]
[Round "4"]
[White "Gdanski, Jacek"]
[Black "Babula, Vlastimil"]
[Result "1-0"]
[WhiteElo "2490"]
[BlackElo "2530"]
[Annotator "Knaak,R"]
[PlyCount "61"]
[EventDate "1995.03.??"]
[EventType "swiss"]
[EventRounds "9"]
[EventCountry "ROU"]
[SourceTitle "CBM 047"]
[Source "ChessBase"]
[SourceDate "1995.08.01"]
[SourceVersion "1"]
[SourceVersionDate "1995.08.01"]
[SourceQuality "1"]

1. e4 e6 2. d4 d5 3. Nc3 Nf6 4. Bg5 dxe4 5. Nxe4 Be7 6. Bxf6 gxf6 7. Nf3 b6 8.
Bd3 Bb7 9. Qe2 f5 $2 {In der Variante mit 7...b6 muß der Bauer auf f6 stehen
bleiben und das Feld e5 schützen.} 10. Nc3 $16 c6 11. O-O-O Qc7 12. Rhe1 Nd7
13. Kb1 {/\ 14.Bxf5} Nf6 14. Ne5 Rf8 {Schwarz muß Klimmzüge machen, um noch
zur langen Rochade zu kommen. Aber Weiß hat schon alle Figuren optimal
plaziert und hat einen typischen Durchbruch.} 15. d5 $3 Ne4 $6 (15... Nxd5 $6
16. Nxd5 cxd5 17. Bb5+ Kd8 18. Nxf7+ Rxf7 19. Qxe6 Rg7 20. Rxd5+ Bxd5 21. Qxd5+
$18) (15... cxd5 $6 16. Bb5+ Kd8 17. Nxf7+ $1 Rxf7 18. Qxe6 Rf8 (18... Rg7 19.
Qxf6 $18) 19. Nxd5 $1 $18) (15... exd5 16. Bxf5 Rd8 17. Qe3 {Schwarz hat keine
Perspektive, der weiße Sieg ist nur eine Frage der Zeit.}) 16. Bxe4 fxe4 17.
dxc6 Bxc6 18. Nxc6 Qxc6 19. Nxe4 $18 Rg8 20. g3 Rg6 21. Qh5 h6 22. Qe5 Rg8 23.
Qf4 Rg6 24. Nd6+ Bxd6 25. Rxd6 Qc5 26. Rd7 Rg7 27. Red1 Rc8 28. c3 a5 29. Qxh6
Qf5+ 30. Ka1 Rh7 31. Qd2 1-0

[Event "Hoogovens"]
[Site "Wijk aan Zee"]
[Date "1990.01.??"]
[Round "7"]
[White "Van der Wiel, John"]
[Black "Gurevich, Mikhail"]
[Result "0-1"]
[WhiteElo "2550"]
[BlackElo "2645"]
[Annotator "Knaak,R"]
[PlyCount "80"]
[EventDate "1990.01.??"]
[EventType "tourn"]
[EventRounds "13"]
[EventCountry "NED"]
[EventCategory "13"]
[SourceTitle "CBM 017"]
[Source "ChessBase"]
[SourceDate "1990.08.01"]
[SourceVersion "1"]
[SourceVersionDate "1990.08.01"]
[SourceQuality "1"]

1. e4 e6 2. d4 d5 3. Nc3 Nf6 4. Bg5 dxe4 5. Nxe4 Be7 6. Bxf6 gxf6 7. Nf3 b6 8.
Bc4 Bb7 9. Qe2 Nd7 10. O-O-O c6 11. Kb1 Qc7 12. Rhe1 O-O-O 13. Ba6 Rhg8 14. Ng3
Bb4 {Weiß hat nichts zu befürchten, solange er seine Bauern nicht vorstößt.
Dies zu provozieren ist offensichtlich M.Gurevichs Strategie.} 15. c3 Bf8 16.
Bxb7+ Kxb7 17. c4 Kb8 18. d5 Bb4 19. Rg1 Rge8 {Natürlich muß Schwarz den Punkt
e6 halten.} 20. dxe6 fxe6 21. Rd4 $6 e5 $1 {Schwächt zwar f5, doch der Punkt
d4 ist wichtiger.} 22. Rh4 Nf8 23. a3 Bc5 24. Ne4 $6 f5 $1 25. Nxc5 bxc5 26.
Rh5 e4 27. Nh4 Ne6 28. g3 (28. Qe1 f4 29. Qxe4 Ng7 30. Qxh7 $2 (30. Qf3 $5 Nxh5
31. Qxh5 Qe5 32. Qxe5+ Rxe5 $17) 30... Nxh5 31. Qxh5 Rh8 32. Qg5 Rdg8 33. Qf6
Rf8 34. Qg5 Qh7+ $19) 28... Nd4 $17 29. Qe3 Qf7 30. Rh6 Ka8 31. Rc1 Rb8 32. Rd6
Qe7 33. Rxd4 cxd4 34. Qxd4 Qxa3 35. Rc2 e3 36. Qf6 Qc5 37. fxe3 Rxe3 38. Ng2
Rd3 39. Qh4 Rd1+ 40. Rc1 Qe5 0-1

[Event "Hoogovens"]
[Site "Wijk aan Zee"]
[Date "1990.01.??"]
[Round "11"]
[White "Van der Wiel, John"]
[Black "Dokhoian, Yury"]
[Result "1/2-1/2"]
[WhiteElo "2550"]
[BlackElo "2540"]
[Annotator "Knaak,R"]
[PlyCount "51"]
[EventDate "1990.01.??"]
[EventType "tourn"]
[EventRounds "13"]
[EventCountry "NED"]
[EventCategory "13"]
[SourceTitle "CBM 017"]
[Source "ChessBase"]
[SourceDate "1990.08.01"]
[SourceVersion "1"]
[SourceVersionDate "1990.08.01"]
[SourceQuality "1"]

1. e4 e6 2. d4 d5 3. Nc3 Nf6 4. Bg5 dxe4 5. Nxe4 Be7 6. Bxf6 Bxf6 7. Nf3 O-O 8.
Qd2 b6 9. O-O-O Bb7 10. Qf4 Nd7 11. Bd3 Be7 12. h4 Nf6 13. Nxf6+ {N} (13. Neg5
{Sax-Ehlvest/Rotterdam/1989/0-1/CBM13}) 13... Bxf6 14. Ng5 h6 15. Nh7 Re8 16.
Nxf6+ Qxf6 17. Qxf6 gxf6 $10 18. f3 f5 19. Rhf1 Rad8 20. c3 f4 21. Be4 Ba6 22.
Rfe1 Rd6 23. Bc2 Bb7 24. Be4 Ba6 25. Bc2 Bb7 26. Be4 1/2-1/2

[Event "Dortmund-C"]
[Site "Dortmund"]
[Date "1991.??.??"]
[Round "7"]
[White "Lau, Ralf"]
[Black "Sakaev, Konstantin"]
[Result "1/2-1/2"]
[WhiteElo "2485"]
[BlackElo "2450"]
[Annotator "Knaak,R"]
[PlyCount "112"]
[EventDate "1991.03.23"]
[EventType "tourn"]
[EventRounds "9"]
[EventCountry "GER"]
[EventCategory "8"]
[SourceTitle "CBM 023"]
[Source "ChessBase"]
[SourceDate "1991.08.01"]
[SourceVersion "1"]
[SourceVersionDate "1991.08.01"]
[SourceQuality "1"]

1. e4 e6 2. d4 d5 3. Nc3 Nf6 4. Bg5 dxe4 5. Nxe4 Be7 6. Bxf6 gxf6 7. Nf3 f5 8.
Nc3 Bf6 9. Qd2 c5 10. d5 O-O (10... exd5 $6 11. Qe3+ $1 Be6 12. Qxc5 $16 {
Arnason-Skembris/Thessaloniki ol/1988/ED Französisch/i46}) (10... e5 $5 {
Nogueiras}) 11. O-O-O e5 12. h4 Nd7 {N} (12... Bg7 13. Kb1 Nd7 14. Be2 b5 $13 {
Vujakovic-G.Dizdar/JUG-chT/1989/TD 7/89}) 13. d6 $1 $14 Nb6 14. Qe3 e4 15. Ng5
Bd7 (15... Bd4 $6 16. Qg3 Kh8 17. Nb5 $16) 16. g4 $5 (16. f4 $5) 16... Bd4 17.
Rxd4 cxd4 18. Qxd4 f6 $8 19. Bc4+ (19. Nd5 Nxd5 20. Qxd5+ Kg7) 19... Nxc4 20.
Qxc4+ Kg7 21. Ne6+ Bxe6 22. Qxe6 Re8 $1 23. Qxf5 Re5 24. Qf4 Qxd6 25. Nxe4 Qe6
26. f3 Rd8 27. b3 Red5 28. g5 f5 29. Qc7+ R8d7 30. Qc3+ Qe5 31. Qxe5+ Rxe5 32.
Ng3 Kf7 33. f4 Red5 34. Re1 Re7 35. Rxe7+ Kxe7 36. c4 Rd3 37. Nxf5+ Ke6 38. Kc2
Rh3 39. Nd4+ Kd7 40. Kd2 Rxh4 41. Ke3 Rh2 42. a3 Ra2 43. a4 a5 44. c5 Ra1 45.
Ke4 Rg1 46. Ke5 Re1+ 47. Kd5 Re3 48. c6+ bxc6+ 49. Nxc6 Rxb3 50. Nxa5 Rf3 51.
Ke5 h5 52. gxh6 Rh3 53. Nc4 Rxh6 54. f5 Rh4 55. Nb6+ Kc6 56. a5 Rh1 1/2-1/2

[Event "Santa Clara"]
[Site "Santa Clara"]
[Date "1991.??.??"]
[Round "2"]
[White "Magem Badals, Jordi"]
[Black "Borges Matos, Juan R"]
[Result "1-0"]
[WhiteElo "2490"]
[BlackElo "2385"]
[Annotator "Knaak,R"]
[PlyCount "122"]
[EventDate "1991.02.??"]
[EventType "tourn"]
[EventRounds "13"]
[EventCountry "CUB"]
[EventCategory "9"]
[SourceTitle "CBM 026"]
[Source "ChessBase"]
[SourceDate "1992.02.01"]
[SourceVersion "1"]
[SourceVersionDate "1992.02.01"]
[SourceQuality "1"]

1. e4 e6 2. d4 d5 3. Nc3 Nf6 4. Bg5 dxe4 5. Nxe4 Be7 6. Bxf6 gxf6 7. Nf3 b6 8.
Bd3 Bb7 9. Qe2 c6 10. a4 Nd7 11. O-O Qc7 (11... a5 $1 $10) 12. a5 $1 c5 (12...
bxa5 $6 13. Ra2 {/\ 14.Rfa1+/-}) 13. a6 Bc6 14. Nc3 O-O 15. Rfe1 Rfe8 16. Be4
$16 f5 17. Bxc6 Qxc6 18. Qb5 Qc7 19. d5 $1 Bf6 20. Qc6 $1 Qxc6 21. dxc6 Nb8 22.
c7 Nc6 23. Nb5 Rec8 24. c3 Ne7 25. Rad1 Nd5 26. Rxd5 $1 exd5 27. Ne5 Re8 28.
Nd6 Bxe5 (28... Rxe5 $2 29. Rxe5 Bxe5 30. c8=Q+ Rxc8 31. Nxc8 Bb8 32. Ne7+ Kf8
33. Nc6 Bc7 34. Nxa7 $18) 29. Nxe8 Rxe8 30. Rxe5 Rc8 31. Rxd5 Rxc7 32. Kf1 $1
f4 33. Ke2 b5 34. Rd8+ Kg7 35. Rb8 $18 b4 36. Rb7 Rc6 37. Rxa7 bxc3 38. bxc3 c4
39. Kf3 Rd6 40. Kxf4 Rd3 41. Ke4 Rxc3 42. Kd4 Rc2 43. Rc7 Rd2+ (43... Rxf2 44.
a7 Ra2 45. Kxc4 $18) 44. Kc3 Ra2 45. Rc6 (45. a7 $1 Ra4 46. Kd4 Kf6 47. Kc5 c3
48. Kb6 $18) 45... Ra4 46. Kd4 h5 47. h4 Kh7 48. Rf6 Kg7 49. Rc6 Kh7 50. Rd6
Kg7 51. Rb6 Kh7 52. Kc3 Kg7 53. Rd6 Kh7 54. Rf6 Kg7 55. Rc6 Kh7 56. f3 Kg7 57.
Rd6 Kh7 58. Rf6 Kg7 59. Rb6 Kh7 60. g4 hxg4 61. fxg4 Kg7 (61... Kg7 62. g5 Kh7
63. h5 Kg7 64. Kd4 Kg8 (64... Ra5 65. h6+ Kh7 66. Kxc4 Rxg5 67. a7 Ra5 68. Rb7
Kxh6 69. Kb4 Ra1 70. Rxf7 Kg6 71. Rc7 Kf6 72. Kc5 Ke6 73. Kc6 $18) 65. Rb8+ Kg7
66. Ra8 Ra5 67. a7 Ra4 68. Kc3 Kh7 69. h6 Ra1 70. Kxc4 Ra2 71. Kc5 Ra1 72. Kd6
$18) 1-0

[Event "Capablanca Memorial Elite 31st"]
[Site "Cienfuegos"]
[Date "1996.??.??"]
[Round "10"]
[White "Morovic Fernandez, Ivan"]
[Black "Nogueiras Santiago, Jesus"]
[Result "1-0"]
[WhiteElo "2575"]
[BlackElo "2555"]
[Annotator "Knaak,R"]
[PlyCount "127"]
[EventDate "1996.05.??"]
[EventType "tourn"]
[EventRounds "13"]
[EventCountry "CUB"]
[EventCategory "12"]
[SourceTitle "CBM 054"]
[Source "ChessBase"]
[SourceDate "1996.10.01"]
[SourceVersion "1"]
[SourceVersionDate "1996.10.01"]
[SourceQuality "1"]

1. e4 e6 2. d4 d5 3. Nc3 dxe4 4. Nxe4 Nd7 5. Nf3 Ngf6 6. Bg5 Be7 7. Nxf6+ Bxf6
8. h4 $1 O-O (8... h6 9. Bxf6 Qxf6 10. Qd2 $14 {Die eingeschobenen Züge h4 und
h6 begünstigen Weiß, denn im Falle der kurzen schwarzen Rochade gibt es mit
g2-g4-g5 einen klaren und starken Plan.}) 9. Qd2 e5 10. Bxf6 $1 (10. dxe5 Nxe5
11. Qxd8 Nxf3+ $10) 10... Qxf6 11. O-O-O exd4 (11... e4 12. Ng5 $16 {>< Pe4})
12. Qxd4 Qxd4 13. Rxd4 {Weiß hat nur einen winzigen Vorteil, aber die einzigen
Partien mit diesem Endspiel endeten beide 1-0.} Nf6 (13... Re8 14. Bc4 Nb6 15.
Re1 Bd7 16. Bb3 Rxe1+ 17. Nxe1 Kf8 18. Nd3 $14 Re8 19. Kd2 Bc6 20. f3 a5 21. a3
Re7 22. c4 Nd7 23. c5 Ke8 24. Ba4 Re6 25. Kc3 Bxa4 (25... b5 26. cxb6 cxb6 27.
Bxc6 Rxc6+ 28. Rc4 $14) 26. Rxa4 b6 27. Re4 Rxe4 28. fxe4 $16 {Brodsky,
M-Doroshkievich,V/Rostov op 1993/1-0 (100)}) 14. Bc4 $14 a6 15. Re1 b5 (15...
b6 16. Re7 $16) 16. Bd5 Rb8 (16... Nxd5 17. Rxd5 Be6 18. Rc5 {>< Pc7}) 17. Bc6
Bb7 18. Bxb7 Rxb7 19. Re7 $16 {>< Rb7} Re8 20. Rxe8+ Nxe8 21. Rd8 Kf8 22. Ne5
Rb6 23. Ra8 Ke7 24. Nd3 Nf6 25. Nc5 Kd6 26. Nxa6 b4 27. a3 bxa3 28. bxa3 c5 29.
a4 Nd7 30. Ra7 Ne5 31. Nc7 Rb4 32. Nb5+ Kc6 33. g3 Kb6 34. Re7 Re4 35. Nd6 Re1+
36. Kd2 Nf3+ 37. Kc3 Rxe7 38. Nc8+ Ka5 39. Nxe7 Kxa4 40. Kc4 Nd2+ 41. Kxc5 Ne4+
42. Kd5 Nxf2 43. c4 g6 44. c5 Kb5 45. Nc8 f5 46. c6 Ka6 47. Kd6 Ne4+ 48. Kc7
Nc5 49. Ne7 Kb5 50. h5 f4 51. gxf4 gxh5 52. Nf5 Na6+ 53. Kd6 Kb6 54. Nh4 Nc5
55. f5 Ne4+ 56. Ke5 Nf2 57. Kd5 Ng4 58. Kd6 Nf6 59. Nf3 Ne4+ 60. Ke5 Nf2 61.
Kd5 Kc7 62. f6 Nd3 63. Nh4 Nb4+ 64. Ke4 1-0

[Event "Reykjavik Summit"]
[Site "Reykjavik"]
[Date "1990.??.??"]
[Round "?"]
[White "Fedorowicz, John P"]
[Black "Vaganian, Rafael A"]
[Result "1-0"]
[WhiteElo "2560"]
[BlackElo "2605"]
[Annotator "Knaak,R"]
[PlyCount "47"]
[EventDate "1990.03.??"]
[EventType "team"]
[EventRounds "6"]
[EventCountry "ISL"]
[SourceTitle "CBM 018"]
[Source "ChessBase"]
[SourceDate "1990.10.01"]
[SourceVersion "1"]
[SourceVersionDate "1990.10.01"]
[SourceQuality "1"]

1. e4 e6 2. d4 d5 3. Nc3 Nf6 4. Bg5 dxe4 5. Nxe4 Be7 6. Bxf6 Bxf6 7. Nf3 O-O 8.
c3 b6 9. Bd3 Bb7 10. Qc2 Nd7 11. O-O-O g6 $2 {Schwächt den König freiwillig.} (
11... Qe7 12. h4 Rfd8 13. Neg5 g6 14. Be4 $6 Bxe4 15. Nxe4 Bg7 16. h5 c5 $10 {
Nikolic,Z-Kovacevic,Vl/JUG-ch/1989/CBM13}) 12. h4 Bg7 13. h5 Nf6 14. hxg6 hxg6
15. Neg5 Bxf3 16. Nxf3 Qd6 17. Rh4 Nd5 18. Rdh1 f5 19. Qd2 c5 20. Qg5 Rf6 21.
Ne5 cxd4 22. cxd4 Ne7 23. Rh7 Rf7 24. Rh8+ 1-0

[Event "YUG-ch"]
[Site "Kladovo"]
[Date "1990.??.??"]
[Round "?"]
[White "Ivanovic, Bozidar"]
[Black "Dizdar, Goran"]
[Result "1/2-1/2"]
[WhiteElo "2520"]
[BlackElo "2470"]
[Annotator "Knaak,R"]
[PlyCount "43"]
[EventDate "1990.02.??"]
[EventType "tourn"]
[EventRounds "15"]
[EventCountry "YUG"]
[EventCategory "9"]
[SourceTitle "CBM 017"]
[Source "ChessBase"]
[SourceDate "1990.08.01"]
[SourceVersion "1"]
[SourceVersionDate "1990.08.01"]
[SourceQuality "1"]

1. e4 e6 2. d4 d5 3. Nc3 Nf6 4. Bg5 dxe4 5. Nxe4 Be7 6. Bxf6 gxf6 7. Nf3 b6 8.
Bb5+ $6 {Ich sehe keinen Sinn darin, einen Zug zu provozieren, den Schwarz
soundso macht.} c6 9. Bd3 Bb7 10. Qe2 Qc7 11. a4 a5 12. O-O Nd7 13. c4 O-O {
Auf die gleiche Seite zu rochieren wie der Weiße ist in dieser Variante sehr
wichtig.} 14. Rfd1 Kh8 15. Rac1 f5 16. Ng3 Rae8 17. Bb1 Qf4 18. Rc3 Nf6 19. Ne5
c5 20. dxc5 Bxc5 21. Nd3 Nd7 22. Nxc5 1/2-1/2

[Event "Lvov zt"]
[Site "Lvov"]
[Date "1990.??.??"]
[Round "?"]
[White "Minasian, Artashes"]
[Black "Tukmakov, Vladimir B"]
[Result "0-1"]
[WhiteElo "2480"]
[BlackElo "2570"]
[Annotator "Knaak,R"]
[PlyCount "80"]
[EventDate "1990.02.??"]
[EventType "swiss"]
[EventRounds "9"]
[EventCountry "URS"]
[SourceTitle "CBM 018"]
[Source "ChessBase"]
[SourceDate "1990.10.01"]
[SourceVersion "1"]
[SourceVersionDate "1990.10.01"]
[SourceQuality "1"]

1. e4 e6 2. d4 d5 3. Nc3 Nf6 4. Bg5 dxe4 5. Nxe4 Be7 6. Bxf6 Bxf6 7. Nf3 O-O 8.
Qd2 b6 {Diese Zugfolge war in den letzten zwei Jahren häufig anzutreffen.
Chandler meint >= 8...Nd7.} 9. O-O-O (9. Nxf6+ $5 {N} Qxf6 10. Bd3 Bb7 11. Ng5
h6 $5 12. Nh7 Qxd4 13. Nxf8 Kxf8 $8 (13... Qxb2 14. Bh7+ Kh8 $8 15. O-O {
Chandler}) 14. c3 Qh4 15. O-O-O Bxg2 16. Rhg1 Bc6 17. f4 $14 {Chandler,
M-Psakhis,L/Moskva GMA-final/1990/1-0}) 9... Bb7 {Die Ergebnisse mit dieser
Variante sind zufriedenstellend für Schwarz. Dies zeigen auch die Partien 238
und 326.} 10. Qf4 Nd7 $10 11. Bd3 Be7 12. h4 Nf6 13. Neg5 Bxf3 {Auch 13...Qd6
war nicht schlecht in Sax-Ehlvest, Rotterdam 1989.} 14. Nxf3 Qd6 15. Ne5 $6 c5
$1 16. dxc5 Qxc5 $15 17. Rhe1 Rad8 18. Qf3 Rd5 19. Qe2 b5 20. f4 a6 21. g3 g6
22. Kb1 Rfd8 23. g4 Nd7 24. Nf3 Nb6 25. Ng5 Na4 26. Ne4 Qb4 27. c3 Qxb2+ 28.
Qxb2 Nxb2 29. Kxb2 Rxd3 30. Rxd3 Rxd3 31. f5 exf5 32. gxf5 Bxh4 33. Rh1 Be7 34.
f6 Re3 35. Rh4 Bd8 36. Rf4 Bc7 37. Rh4 Be5 38. Kc2 Rf3 39. a4 h5 40. axb5 axb5
0-1